ARRUPE JESUIT UNIVERSITY

CORONAVIRUS -STOP THE SPREAD - CLEAN,DISINFECT,COVER

Initiation rites for boys in Lomwe society in Malawi and other essays (Record no. 119303)

MARC details
000 -LEADER
fixed length control field 00462nam a22001577a 4500
005 - DATE AND TIME OF LATEST TRANSACTION
control field 20131217134131.0
007 - PHYSICAL DESCRIPTION FIXED FIELD--GENERAL INFORMATION
fixed length control field ARRUPE
008 - FIXED-LENGTH DATA ELEMENTS--GENERAL INFORMATION
fixed length control field 131217b xxu||||| |||| 00| 0 eng d
040 ## - CATALOGING SOURCE
Original cataloging agency DLC
050 ## - LIBRARY OF CONGRESS CALL NUMBER
Classification number DT3192.L66
Item number R47 2005
100 ## - MAIN ENTRY--PERSONAL NAME
Personal name Chakanza, J. C.
9 (RLIN) 5827
245 ## - TITLE STATEMENT
Title Initiation rites for boys in Lomwe society in Malawi and other essays
Statement of responsibility, etc Chakanza, J. C.
260 ## - PUBLICATION, DISTRIBUTION, ETC. (IMPRINT)
Place of publication, distribution, etc Zomba
Name of publisher, distributor, etc Kachere Series
Date of publication, distribution, etc 2005
300 ## - PHYSICAL DESCRIPTION
Extent 155p. ;
Dimensions 23cm.
942 ## - ADDED ENTRY ELEMENTS (KOHA)
Source of classification or shelving scheme Library of Congress Classification
Item type Monograph ( Printed materials)
Holdings
Withdrawn status Lost status Source of classification or shelving scheme Damaged status Not for loan Collection code Home library Current library Shelving location Date acquired Total Checkouts Full call number Barcode Date last seen Date last borrowed Price effective from Koha item type
    Library of Congress Classification     Main Collection ARRUPE LIBRARY ARRUPE LIBRARY Main Collection 17/12/2013 1 DT3192.L66 R47 2005 46407604 07/04/2025 04/04/2025 17/12/2013 Monograph ( Printed materials)

 

Arrupe Library. PO Box MP320 Mt Pleasant, Harare, Zimbabwe
263 242 745411|librarian@aju.ac.zw